000 02869cam a2200421 4500500
005 20251228051819.0
041 _afre
042 _adc
100 1 0 _aBillet, Philippe
_eauthor
700 1 0 _aDufal, Rémy
_eauthor
245 0 0 _aChronique de fiscalité française de l’environnement 2021-2022
260 _c2022.
500 _a52
520 _aLa loi de finances pour 2021 consolide le rôle central attribué à l’outil fiscal par les pouvoirs publics pour ce qui est de la réduction des émissions de gaz à effet de serre, confortant et remodelant un certain nombre de dispositifs déjà en vigueur. Au surplus, elle vient enfin poser les premiers jalons d’une intégration par le droit fiscal des enjeux de lutte contre l’artificialisation des sols, signe que le constat passé d’une biodiversité laissée pour compte par la fiscalité se veut moins radical. La loi de finances pour 2022 n’apporte pas de modifications majeures. La polarisation des politiques environnementales sur les changements climatiques se poursuit inlassablement, à la faveur d’une crise sanitaire à laquelle doit désormais succéder la relance économique, et avec elle le risque d’une remise en cause des politiques de sobriété énergétique.
520 _aThe finance law for 2021 consolidates the central role assigned to the tax system by the public authorities in reducing greenhouse gas emissions, reinforcing and reshaping a number of measures already in effect. Moreover, it has finally taken the first steps towards integrating into tax law the challenges of combating soil artificialization, which is a sign that biodiversity is not as overlooked by fiscal policy as it was noted before. The 2022 finance law does not bring any major changes. The focus of environmental policies on climate change continues unabated, from the COVID crisis that must now be followed by economic recovery, and with it the risk of calling into question policies of energy sobriety.
690 _abiocarburant
690 _abudget vert
690 _adépenses fiscales
690 _aempreinte carbone
690 _afiscalité énergétique
690 _aincitation fiscale
690 _amalus écologique
690 _ataxe carbone
690 _aTICGN
690 _atransition énergétique
690 _abiofuel
690 _acarbon footprint
690 _acarbon tax
690 _adomestic tax on natural gas consumption
690 _aenergy taxation
690 _aenergy transition
690 _agreen budget
690 _aincentive tax
690 _amalus system
690 _atax expenditures
786 0 _nRevue juridique de l’environnement | Volume 47 | 2 | 2022-06-23 | p. 369-387 | 0397-0299
856 4 1 _uhttps://droit.cairn.info/revue-juridique-de-l-environnement-2022-2-page-369?lang=fr&redirect-ssocas=7080
999 _c1582377
_d1582377